La Petite Maison dans la Prairie ou Dr. Quinn - Statistiques

Statistiques générales
  • Ce quiz a été pris 129 fois
  • Le résultat moyen est 111 sur 200
Statistiques - réponses
Hint Réponse % Correct
Caroline Ingalls La Petite Maison dans la prairie
99%
Laura Ingalls Wilder La Petite Maison dans la prairie
99%
Mary Ingalls Kendall La Petite Maison dans la prairie
99%
Michaela "Mike" Quinn Docteur Quinn, femme médecin
98%
Charles Ingalls La Petite Maison dans la prairie
98%
Byron Sully Docteur Quinn, femme médecin
96%
Harriet Oleson La Petite Maison dans la prairie
92%
Brian Cooper Docteur Quinn, femme médecin
91%
Almanzo Wilder La Petite Maison dans la prairie
91%
Nels Oleson La Petite Maison dans la prairie
91%
Colleen Cooper Cook Docteur Quinn, femme médecin
89%
Loren Bray Docteur Quinn, femme médecin
89%
Horace Bing Docteur Quinn, femme médecin
89%
Nuage Dansant Docteur Quinn, femme médecin
88%
Jake Slicker Docteur Quinn, femme médecin
88%
Isaiah Edwards La Petite Maison dans la prairie
88%
Olive Davis Docteur Quinn, femme médecin
87%
Nellie Oleson La Petite Maison dans la prairie
87%
Adam Kendall La Petite Maison dans la prairie
86%
Jonathan Garvey La Petite Maison dans la prairie
86%
Myra Bing Docteur Quinn, femme médecin
85%
Elizabeth Quinn Docteur Quinn, femme médecin
84%
Marjorie Quinn Docteur Quinn, femme médecin
83%
Robert Alden La Petite Maison dans la prairie
83%
Grace Snider Edwards La Petite Maison dans la prairie
83%
Matthew Cooper Docteur Quinn, femme médecin
82%
Teresa Morales Slicker Docteur Quinn, femme médecin
82%
Guillermo Morales Docteur Quinn, femme médecin
80%
Ingrid Docteur Quinn, femme médecin
80%
Rebecka Quinn Dickinson Docteur Quinn, femme médecin
80%
Willie Oleson La Petite Maison dans la prairie
80%
Robert E. Docteur Quinn, femme médecin
79%
Dorothy Jennings Docteur Quinn, femme médecin
79%
Éva Beadle Simms La Petite Maison dans la prairie
78%
Hank Lawson Docteur Quinn, femme médecin
77%
Ethan Cooper Docteur Quinn, femme médecin
77%
Joe Kagan La Petite Maison dans la prairie
76%
Alice Garvey La Petite Maison dans la prairie
76%
Timothy Johnson Docteur Quinn, femme médecin
75%
Emma (Couturière) Docteur Quinn, femme médecin
75%
Hiram Baker La Petite Maison dans la prairie
75%
Hester-Sue Terhune La Petite Maison dans la prairie
75%
Eliza Jane Wilder La Petite Maison dans la prairie
75%
Rose Wilder La Petite Maison dans la prairie
74%
Emily Donovan Docteur Quinn, femme médecin
73%
Preston A. Lodge III Docteur Quinn, femme médecin
73%
Lars Hanson La Petite Maison dans la prairie
73%
John Carter La Petite Maison dans la prairie
73%
Carrie Ingalls La Petite Maison dans la prairie
73%
Becky Bonner Docteur Quinn, femme médecin
72%
Nancy Oleson La Petite Maison dans la prairie
72%
Grace (Restauratrice) Docteur Quinn, femme médecin
71%
Maude Bray Docteur Quinn, femme médecin
70%
Etta Plum La Petite Maison dans la prairie
68%
Daniel Simon Docteur Quinn, femme médecin
67%
Amanda "May" Whipple La Petite Maison dans la prairie
67%
Andrew Cook Docteur Quinn, femme médecin
66%
Preston A. Lodge II Docteur Quinn, femme médecin
65%
Anthony (enfant adopté) Docteur Quinn, femme médecin
64%
John/Carl/Alicia Sanderson La Petite Maison dans la prairie
64%
Judd Larrabee La Petite Maison dans la prairie
64%
Kid Cole Docteur Quinn, femme médecin
63%
Maureen Quinn Docteur Quinn, femme médecin
63%
Grace Ingalls La Petite Maison dans la prairie
63%
Princess Nizamova Docteur Quinn, femme médecin
62%
Cassandra Cooper Ingalls La Petite Maison dans la prairie
62%
Sergeant O'Connor Docteur Quinn, femme médecin
61%
Catherine / Biche Tremblante Docteur Quinn, femme médecin
61%
Adam Simms La Petite Maison dans la prairie
61%
Bill Anderson La Petite Maison dans la prairie
61%
Rachel Brown Oleson La Petite Maison dans la prairie
61%
George Armstrong Custer Docteur Quinn, femme médecin
60%
Soeur Ruth Docteur Quinn, femme médecin
60%
Jeb et Jason Carter La Petite Maison dans la prairie
59%
James Cooper Ingalls La Petite Maison dans la prairie
59%
Gilda St. Clair Docteur Quinn, femme médecin
58%
Kezia Horn La Petite Maison dans la prairie
58%
Royal Wilder La Petite Maison dans la prairie
58%
William Burke Docteur Quinn, femme médecin
57%
President Grant Docteur Quinn, femme médecin
57%
Abigail Bray Sully Docteur Quinn, femme médecin
57%
Percival Dalton La Petite Maison dans la prairie
57%
Albert Quinn Ingalls La Petite Maison dans la prairie
57%
Andrew « Andy » Garvey La Petite Maison dans la prairie
57%
Walt Whitman Docteur Quinn, femme médecin
55%
Général Wooden Docteur Quinn, femme médecin
55%
Claudette Quinn Docteur Quinn, femme médecin
55%
Benjamin et Edna Cohen La Petite Maison dans la prairie
55%
Brent Currier Docteur Quinn, femme médecin
54%
Andrew Strauss/David Lewis Docteur Quinn, femme médecin
54%
Martin 'l homme oiseau' Chesterfield Docteur Quinn, femme médecin
54%
Lune Noire Docteur Quinn, femme médecin
54%
Oiseau Blanc Docteur Quinn, femme médecin
54%
Beatrice Cartwright Docteur Quinn, femme médecin
53%
Heart Docteur Quinn, femme médecin
53%
Elmer Dobkins La Petite Maison dans la prairie
53%
Jenny Wilder La Petite Maison dans la prairie
53%
Harvey Miller La Petite Maison dans la prairie
53%
Sarah Reed Carter La Petite Maison dans la prairie
53%
Sherwood Montague La Petite Maison dans la prairie
52%
Isabelle Maynard Docteur Quinn, femme médecin
51%
Zach Lawson Docteur Quinn, femme médecin
51%
Celui qui marche sur les nuages Docteur Quinn, femme médecin
51%
Katherine Elizabeth Sully Docteur Quinn, femme médecin
51%
Melinda Foster La Petite Maison dans la prairie
51%
Un-Oeil Docteur Quinn, femme médecin
50%
Houston Lamb La Petite Maison dans la prairie
50%
Rodolfo Gambini La Petite Maison dans la prairie
50%
Terence McKay Docteur Quinn, femme médecin
49%
John (conducteur de train) Docteur Quinn, femme médecin
49%
Dr Cassidy Docteur Quinn, femme médecin
49%
Theodore Quinn Docteur Quinn, femme médecin
49%
Granville Whipple La Petite Maison dans la prairie
49%
Hannibal Applewood La Petite Maison dans la prairie
48%
Sylvia Webb La Petite Maison dans la prairie
48%
Caleb Ledoux La Petite Maison dans la prairie
48%
Matthew Rogers La Petite Maison dans la prairie
48%
Général Parker Docteur Quinn, femme médecin
47%
Lucius Slicker Docteur Quinn, femme médecin
46%
Franklin (Indien) Docteur Quinn, femme médecin
46%
Miriam Tilson Docteur Quinn, femme médecin
45%
Charlotte Cooper Docteur Quinn, femme médecin
45%
Tom Jennings Docteur Quinn, femme médecin
45%
Elias Burch Docteur Quinn, femme médecin
45%
Reverend Thomas Docteur Quinn, femme médecin
45%
Caleb Hodgekiss La Petite Maison dans la prairie
45%
Salomon Henry La Petite Maison dans la prairie
45%
Bubba, George et Sam Galinder La Petite Maison dans la prairie
45%
Julius Hoffman Docteur Quinn, femme médecin
43%
Arthur Tyrrell Docteur Quinn, femme médecin
43%
Lewis Bing Docteur Quinn, femme médecin
43%
Liliane Cooper Docteur Quinn, femme médecin
43%
Tinker Jones La Petite Maison dans la prairie
43%
Anna Gillberg La Petite Maison dans la prairie
43%
Carey McGee Docteur Quinn, femme médecin
42%
Chester Barnes Docteur Quinn, femme médecin
42%
Atlantis Docteur Quinn, femme médecin
42%
Ebenezer Sprague La Petite Maison dans la prairie
42%
Ralph Waldo Emerson La Petite Maison dans la prairie
42%
Edgar Mills La Petite Maison dans la prairie
42%
Mr. Royce Docteur Quinn, femme médecin
41%
Noah McBride Docteur Quinn, femme médecin
41%
Gideon Hale La Petite Maison dans la prairie
41%
Zachariah La Petite Maison dans la prairie
41%
Sam Terhune La Petite Maison dans la prairie
41%
Kavendish La Petite Maison dans la prairie
41%
Patrick Collins Docteur Quinn, femme médecin
40%
Thaddeus Birch Docteur Quinn, femme médecin
40%
Eliot Moses Docteur Quinn, femme médecin
40%
Juge Picker La Petite Maison dans la prairie
40%
Jebediah Mumfort La Petite Maison dans la prairie
40%
Ruthy Leland La Petite Maison dans la prairie
40%
Bartholomew Slater La Petite Maison dans la prairie
40%
Susan « Sue » Goodspeed La Petite Maison dans la prairie
40%
John Bevins La Petite Maison dans la prairie
40%
'Barracuda' Jim Barnes Docteur Quinn, femme médecin
39%
Hazen Docteur Quinn, femme médecin
39%
Zachary Brett Docteur Quinn, femme médecin
39%
Lou Bates La Petite Maison dans la prairie
39%
Stanley Novack La Petite Maison dans la prairie
39%
Peter Chow Docteur Quinn, femme médecin
38%
Brewster et Virginia Davenport La Petite Maison dans la prairie
38%
Daniel Watkins Docteur Quinn, femme médecin
37%
Benjamin Avery Docteur Quinn, femme médecin
37%
Ezra Leonard Docteur Quinn, femme médecin
37%
Chris Nelson La Petite Maison dans la prairie
37%
Callahan La Petite Maison dans la prairie
37%
Dandy John O'Malley Docteur Quinn, femme médecin
36%
Itzhak Frankel (Mr Franklin vf) Docteur Quinn, femme médecin
36%
Christy Kennedy La Petite Maison dans la prairie
36%
Ginny Clark La Petite Maison dans la prairie
35%
Cole, Bart and Lonnie Younger La Petite Maison dans la prairie
34%
Rev. Danforth La Petite Maison dans la prairie
34%
Annie Crane La Petite Maison dans la prairie
34%
Caleb Leonard Docteur Quinn, femme médecin
33%
Randolph Cummings Docteur Quinn, femme médecin
33%
Mortimer Carstairs La Petite Maison dans la prairie
33%
Philip Rogers La Petite Maison dans la prairie
33%
Milo Stavroupolis La Petite Maison dans la prairie
33%
Elias Jackson Docteur Quinn, femme médecin
32%
Jedediah Bancroft Docteur Quinn, femme médecin
32%
Welland Smith Docteur Quinn, femme médecin
32%
Red McCall Docteur Quinn, femme médecin
32%
Mr Case La Petite Maison dans la prairie
32%
Irv Hartwig La Petite Maison dans la prairie
32%
Sam Lindsay Docteur Quinn, femme médecin
30%
Rosemary Hart Docteur Quinn, femme médecin
30%
Ben Griffin La Petite Maison dans la prairie
30%
Wendell Loudy La Petite Maison dans la prairie
30%
Nats Rachel Peal La Petite Maison dans la prairie
30%
Rev. Phillips La Petite Maison dans la prairie
29%
Molly Reardon La Petite Maison dans la prairie
29%
Dan Ellerbee La Petite Maison dans la prairie
29%
Hans Dorfler La Petite Maison dans la prairie
29%
Elizabeth Thurman La Petite Maison dans la prairie
28%
Yuli Pyatakov La Petite Maison dans la prairie
28%
Dewey Harrison La Petite Maison dans la prairie
28%
Juge Webster Docteur Quinn, femme médecin
27%
Randall Page La Petite Maison dans la prairie
25%
Jack Prescott La Petite Maison dans la prairie
20%
Aucun quiz correspondant
Distribution des résultats
% des personnes avec chaque résultat
Percentile par nombre de réponses
Votre historique - résultats
Vous n’avez pas pris ce quiz